| 000 | 00679nam a2200217 a 4500 | ||
|---|---|---|---|
| 005 | 20240925065508.0 | ||
| 008 | 060502s2005 mx r 000 0 spa d | ||
| 020 | _a9508083948 | ||
| 035 | _aUPN01000144100 | ||
| 049 | _aCG | ||
| 050 | 4 |
_aLC191 _bV4.5 2005 |
|
| 100 | 1 | _aMiranda, María J. | |
| 245 | 1 | 0 |
_aMaestros, alumnos y conocimiento en contextos de pobreza / _cMaría J. Miranda, María I. Vega. |
| 250 | _a2a ed. | ||
| 260 |
_aRosario, Arg. : _bHomoSapiens, _c2005. |
||
| 300 | _a103 p. | ||
| 650 | 4 |
_aSociología de la educación _94896 |
|
| 650 | 2 |
_aEducación _xAspectos sociales _zAmérica Latina _97142 |
|
| 700 | 1 |
_aVega, María I., _ecoaut. |
|
| 905 | _aLibro | ||
| 999 |
_c116247 _d116247 |
||